Statistics for PICTURE VOCABLARY-'S'

Click here to take the quiz!

General Stats

  • This quiz has been taken 21 times
  • The average score is 8 of 16

Answer Stats

Answer% Correct
Salsa
89%
Salmon
79%
Seagull
79%
Sweden
79%
Socrates
74%
Simba
68%
Sherlock holmes
58%
Sigma
53%
Scandium
47%
Santorini
42%
Saint laurent
37%
Shallots
37%
Swiss knife
37%
Siberian huskey
21%
Suez canal
21%
Salivary gland
11%

Score Distribution

Percentile by Number Answered

Percent of People with Each Score

Your Score History

You have not taken this quiz